[Event "4NCL Division 2d"]
[Site "Hinckley Island ENG"]
[Date "2015.05.04"]
[Round "11.18"]
[White "Simons, Martin J"]
[Black "Jones, William EG"]
[Result "0-1"]
[WhiteElo "2064"]
[BlackElo "2113"]
[PlyCount "84"]
[EventDate "2015.05.04"]
[WhiteTeam "Wessex"]
[BlackTeam "KJCA Kings"]

1. d4 Nf6 2. f3 d5 3. e4 dxe4 4. Nc3 Bf5 5. g4 Bg6 6. g5 Nd5 7. fxe4 Nxc3 8.
bxc3 Bxe4 9. Nf3 e6 10. Bg2 Bd6 11. O-O O-O 12. Qe2 Bc6 13. Bd2 Nd7 14. Rae1 b6
15. Qf2 Bb5 16. Qh4 Bxf1 17. Rxf1 Re8 18. Qh5 g6 19. Qh6 Rc8 20. Ne1 Bf8 21.
Qh3 c5 22. Qf3 Qe7 23. Bf4 Bg7 24. Qg3 e5 25. dxe5 Nxe5 26. Bd5 c4 27. Ng2 Qc5+
28. Ne3 Rcd8 29. Qg2 Re7 30. Kh1 Ng4 31. Bxf7+ Rxf7 32. Qxg4 Qc6+ 33. Qg2 Qxg2+
34. Kxg2 Rd2+ 35. Kg3 Re2 36. Rd1 Bxc3 37. Rd8+ Rf8 38. Rd7 Be5 39. Nd5 Bxf4+
40. Kf3 Re5 41. Nf6+ Rxf6 42. gxf6 Bh6 0-1

[Event "4NCL Division 2d"]
[Site "Hinckley Island ENG"]
[Date "2015.05.04"]
[Round "11.19"]
[White "Grove, Michael"]
[Black "de Coverly, Roger D"]
[Result "1/2-1/2"]
[WhiteElo "2050"]
[BlackElo "2020"]
[PlyCount "147"]
[EventDate "2015.05.04"]
[WhiteTeam "KJCA Kings"]
[BlackTeam "Wessex"]

1. e4 e5 2. Qh5 Nf6 3. Qxe5+ Be7 4. Nc3 Nc6 5. Qb5 O-O 6. Nf3 a6 7. Qe2 Bb4 8.
d3 d5 9. Bd2 Bxc3 10. bxc3 dxe4 11. dxe4 Nxe4 12. O-O-O Nxd2 13. Qxd2 Qe7 14.
Bd3 Qa3+ 15. Kb1 Be6 16. c4 Rfd8 17. Qc1 Qxc1+ 18. Rxc1 h6 19. Kb2 g6 20. Kc3
Kg7 21. Rb1 Rab8 22. Rhe1 b6 23. h3 Re8 24. Re3 Bd7 25. Rbe1 Rxe3 26. Rxe3 Re8
27. Rxe8 Bxe8 28. c5 b5 29. Nd4 b4+ 30. Kc4 a5 31. Be4 Nxd4 32. Kxd4 Bb5 33. c3
bxc3 34. Kxc3 f5 35. Bd5 Kf6 36. f4 c6 37. Bf3 Ke6 38. Kd4 Ba6 39. h4 h5 40.
Kc3 Bb5 41. Kb3 Kd7 42. Kc3 Ke6 43. Kd4 Ba4 44. Be2 Bc2 45. Ba6 Be4 46. g3 Bg2
47. Bc4+ Kf6 48. Kc3 Bf3 49. Kb3 Bd1+ 50. Ka3 Bc2 51. Kb2 Bd1 52. Bf1 Ke6 53.
Bg2 Ba4 54. Ka3 Bb5 55. Kb3 Kd7 56. Bh1 Kc7 57. Bf3 Kd7 58. Kc3 Ke6 59. Kd4 Ba4
60. Be2 Bc2 61. Bc4+ Kf6 62. Kc3 Ba4 63. Kb2 Bd1 64. Ka3 Bc2 65. Bg8 Bd1 66.
Kb2 Ba4 67. Kc3 Bd1 68. Bc4 Ba4 69. Be2 Ke6 70. Bf3 Kd7 71. Kc4 Ke6 72. Bg2 Kd7
73. Kd4 Ke6 74. Bf3 1/2-1/2

[Event "4NCL Division 2d"]
[Site "Hinckley Island ENG"]
[Date "2015.05.04"]
[Round "11.20"]
[White "Bellers, Christopher JV"]
[Black "Ball, Laurence"]
[Result "1/2-1/2"]
[WhiteElo "2029"]
[BlackElo "2105"]
[PlyCount "33"]
[EventDate "2015.05.04"]
[WhiteTeam "Wessex"]
[BlackTeam "KJCA Kings"]

1. c4 b6 2. Nc3 e6 3. e4 Bb7 4. Nge2 c5 5. g3 d6 6. Bg2 Be7 7. O-O Nc6 8. d4
cxd4 9. Nxd4 Nxd4 10. Qxd4 Nf6 11. b3 e5 12. Qd2 a6 13. a4 O-O 14. Ba3 Qc7 15.
Rac1 Rac8 16. Rfe1 Rfd8 17. Bh3 1/2-1/2

[Event "4NCL Division 2d"]
[Site "Hinckley Island ENG"]
[Date "2015.05.04"]
[Round "11.21"]
[White "Lunn, Matthew"]
[Black "Marsh, Roger DW"]
[Result "1-0"]
[WhiteElo "2040"]
[BlackElo "2011"]
[PlyCount "63"]
[EventDate "2015.05.04"]
[WhiteTeam "KJCA Kings"]
[BlackTeam "Wessex"]

1. d4 d5 2. c4 dxc4 3. Nf3 c6 4. e3 b5 5. a4 e6 6. axb5 cxb5 7. b3 Bb4+ 8. Bd2
Bxd2+ 9. Nbxd2 a5 10. bxc4 b4 11. c5 Ne7 12. Nc4 O-O 13. Bd3 Nd7 14. Ng5 Nf6
15. Qf3 Qd5 16. Qxd5 exd5 17. Nxa5 Ba6 18. Bxa6 Rxa6 19. O-O Rfa8 20. Nb3 Nc6
21. Rxa6 Rxa6 22. Ra1 Rxa1+ 23. Nxa1 Na5 24. Nc2 b3 25. Na3 Nc4 26. Nb1 Ne8 27.
Kf1 Nc7 28. Ke2 Nb5 29. Kd3 Nb2+ 30. Kd2 Nc4+ 31. Kc1 f5 32. Ne6 1-0

[Event "4NCL Division 2d"]
[Site "Hinckley Island ENG"]
[Date "2015.05.04"]
[Round "11.22"]
[White "Zhou, Yang-Jian"]
[Black "Haridas, Girinath"]
[Result "1-0"]
[WhiteElo "1889"]
[BlackElo "1946"]
[PlyCount "137"]
[EventDate "2015.05.04"]
[WhiteTeam "Wessex"]
[BlackTeam "KJCA Kings"]

1. Nf3 Nf6 2. c4 g6 3. g3 Bg7 4. Bg2 O-O 5. O-O d6 6. d4 Nc6 7. Nc3 a6 8. e4
Bg4 9. Be3 Re8 10. Qd2 Bxf3 11. Bxf3 e5 12. d5 Nd4 13. Bd1 Qd7 14. f3 b5 15.
cxb5 axb5 16. Bxd4 exd4 17. Ne2 c5 18. dxc6 Qxc6 19. Bb3 Qb6 20. Kg2 d5 21.
exd5 Rad8 22. Nf4 Bh6 23. Rae1 Re3 24. Rxe3 dxe3 25. Qd3 Bxf4 26. gxf4 Nh5 27.
Qe4 Qf6 28. Qxe3 Nxf4+ 29. Kh1 Nxd5 30. Qc5 Nf4 31. Qxb5 Rd2 32. a4 Qh4 33.
Qe8+ Kg7 34. Qxf7+ Kh6 35. Qf8+ Kh5 36. Qc5+ g5 37. Bf7+ Ng6 38. Qg1 Qxa4 39.
b3 Qa2 40. Qg3 Kh6 41. Rg1 Kg7 42. Bxg6 hxg6 43. b4 Qd5 44. Qc7+ Kh6 45. Qc3
Kh7 46. Re1 Rd1 47. Kg2 Qd2+ 48. Qxd2 Rxd2+ 49. Kg3 Rb2 50. Re7+ Kg8 51. Rb7
Kf8 52. h3 Kg8 53. b5 Kh8 54. b6 Kg8 55. Rb8+ Kg7 56. h4 gxh4+ 57. Kxh4 Rb1 58.
Kg5 Rb4 59. Rb7+ Kf8 60. Kxg6 Ke8 61. Kg5 Kd8 62. Rb8+ Kd7 63. f4 Kc6 64. f5
Rb1 65. Kf6 Re1 66. Kf7 Kd7 67. f6 Rg1 68. Re8 Rb1 69. b7 1-0

[Event "4NCL Division 2d"]
[Site "Hinckley Island ENG"]
[Date "2015.05.04"]
[Round "11.25"]
[White "Strugnell, Carl P"]
[Black "Kenworthy, Gary"]
[Result "1-0"]
[WhiteElo "2256"]
[BlackElo "2285"]
[PlyCount "71"]
[EventDate "2015.05.04"]
[WhiteTeam "Rhyfelwyr Essyllwg 1"]
[BlackTeam "MK Phoenix 1"]

1. e4 c5 2. Nf3 e6 3. Nc3 a6 4. d4 cxd4 5. Nxd4 Qc7 6. Bd3 Bb4 7. O-O Nf6 8.
Bd2 Be7 9. Qe2 d6 10. Kh1 e5 11. Nb3 b6 12. f4 Bb7 13. fxe5 dxe5 14. Rf5 Nbd7
15. Raf1 b5 16. a4 bxa4 17. Nxa4 O-O 18. Na5 Bc8 19. Rg5 Rb8 20. Nc4 Ne8 21.
Rg3 g6 22. Bh6 Ng7 23. Nc3 Bb7 24. Ne3 Qd8 25. Bc4 Nf6 26. Bxg7 Kxg7 27. Nf5+
Kh8 28. Nxe7 Qxe7 29. Rgf3 Nh5 30. Rxf7 Rxf7 31. Rxf7 Qg5 32. Qf2 Qc1+ 33. Bf1
Kg8 34. Rf3 Rc8 35. Qb6 Rxc3 36. Qd8+ 1-0

[Event "4NCL Division 2d"]
[Site "Hinckley Island ENG"]
[Date "2015.05.04"]
[Round "11.26"]
[White "Habershon, Paul"]
[Black "Kett, Timothy J"]
[Result "0-1"]
[WhiteElo "2112"]
[BlackElo "2216"]
[PlyCount "62"]
[EventDate "2015.05.04"]
[WhiteTeam "MK Phoenix 1"]
[BlackTeam "Rhyfelwyr Essyllwg 1"]

1. Nf3 d5 2. d4 Nf6 3. c4 e6 4. g3 dxc4 5. Qa4+ Nbd7 6. Qxc4 a6 7. Bg2 b5 8.
Qc2 Bb7 9. O-O c5 10. Bg5 Rc8 11. Qd1 cxd4 12. Nxd4 Bxg2 13. Kxg2 Bc5 14. Nb3
O-O 15. Nc3 Qb6 16. Nxc5 Qxc5 17. Be3 Qc6+ 18. f3 Ne5 19. Bg5 Nc4 20. Qd4 e5
21. Qh4 b4 22. Nd1 Nd7 23. Be7 Rfe8 24. Bxb4 e4 25. Rc1 exf3+ 26. exf3 Re2+ 27.
Kh1 Nde5 28. Qf4 Nd3 29. Rxc4 Qxc4 30. Qxc4 Rxc4 31. Bc3 Nxb2 0-1

[Event "4NCL Division 2d"]
[Site "Hinckley Island ENG"]
[Date "2015.05.04"]
[Round "11.27"]
[White "Trevelyan, John"]
[Black "Tippleston, Charles"]
[Result "1/2-1/2"]
[WhiteElo "2112"]
[BlackElo "2130"]
[PlyCount "63"]
[EventDate "2015.05.04"]
[WhiteTeam "Rhyfelwyr Essyllwg 1"]
[BlackTeam "MK Phoenix 1"]

1. e4 c5 2. c3 d5 3. d3 Nc6 4. Nf3 dxe4 5. dxe4 Qxd1+ 6. Kxd1 Bg4 7. Nbd2 O-O-O
8. Kc2 Nf6 9. Ng5 Bh5 10. f3 Bg6 11. Nh3 Nd5 12. Nc4 e6 13. Ne3 Bd6 14. Bc4 Bc7
15. Rd1 Nb6 16. g3 Rxd1 17. Kxd1 Nxc4 18. Nxc4 f5 19. exf5 exf5 20. Bf4 Bf7 21.
Ne3 Bxf4 22. Nxf4 g6 23. Nd3 Re8 24. Kd2 Ne5 25. Nxe5 Rxe5 26. f4 Re7 27. a3
Kc7 28. Re1 Kc6 29. Nf1 Rxe1 30. Kxe1 a5 31. Nd2 Bd5 32. Kf2 1/2-1/2

[Event "4NCL Division 2d"]
[Site "Hinckley Island ENG"]
[Date "2015.05.04"]
[Round "11.28"]
[White "Brown, Alan"]
[Black "Young, Alan"]
[Result "1/2-1/2"]
[WhiteElo "2098"]
[BlackElo "2021"]
[PlyCount "82"]
[EventDate "2015.05.04"]
[WhiteTeam "MK Phoenix 1"]
[BlackTeam "Rhyfelwyr Essyllwg 1"]

1. d4 d5 2. Nf3 Nf6 3. c4 dxc4 4. e3 Bg4 5. Bxc4 e6 6. Nc3 a6 7. O-O Nc6 8. Be2
Bd6 9. b3 O-O 10. Bb2 Qe7 11. Rc1 Rad8 12. Nd2 Bxe2 13. Qxe2 Nd5 14. Nce4 f5
15. Nc5 Bxc5 16. dxc5 Ndb4 17. Rc4 Nd3 18. Nf3 e5 19. e4 Nf4 20. Qc2 Rd6 21.
Ne1 Rd7 22. exf5 Rfd8 23. Nf3 Rd3 24. Rxf4 exf4 25. Qc4+ Qf7 26. Qxf4 R3d5 27.
f6 h6 28. Qh4 Rd1 29. fxg7 Rxf1+ 30. Kxf1 Qg6 31. Qc4+ Kh7 32. Ne1 Rd2 33. Bc3
Rd7 34. Qf4 Rf7 35. Qc1 Qf5 36. Qe3 Re7 37. Qd2 Qxc5 38. Nf3 Qb5+ 39. Kg1 Qe2
40. Qd5 Qe6 41. Qd2 Qe2 1/2-1/2

[Event "4NCL Division 2d"]
[Site "Hinckley Island ENG"]
[Date "2015.05.04"]
[Round "11.29"]
[White "Brown, Tom"]
[Black "Reuben, Stewart"]
[Result "1-0"]
[WhiteElo "2042"]
[BlackElo "2066"]
[PlyCount "72"]
[EventDate "2015.05.04"]
[WhiteTeam "Rhyfelwyr Essyllwg 1"]
[BlackTeam "MK Phoenix 1"]

1. d4 Nf6 2. c4 e6 3. Nc3 Bb4 4. Qc2 c5 5. dxc5 O-O 6. Nf3 Na6 7. g3 Nxc5 8.
Bg2 Nce4 9. O-O Nxc3 10. bxc3 Bc5 11. Bf4 d6 12. Rfd1 Qc7 13. a4 Ng4 14. Rf1 f5
15. h3 Nf6 16. Nd4 e5 17. Nb5 Qf7 18. Bg5 Ne4 19. Be3 Qxc4 20. Bxc5 Qxc5 21.
Qb3+ d5 22. Rad1 Be6 23. Qb4 Rfc8 24. Bxe4 fxe4 25. Nd6 Qxb4 26. cxb4 Rc2 27.
Rfe1 b6 28. g4 Ra2 29. Ra1 Rxa1 30. Rxa1 Rd8 31. Nb5 d4 32. Rd1 Bb3 33. Rd2
Bxa4 34. Nc3 Bc6 35. b5 Rc8 36. bxc6 dxc3 1-0

[Event "4NCL Division 2d"]
[Site "Hinckley Island ENG"]
[Date "2015.05.04"]
[Round "11.30"]
[White "Smith, Graham"]
[Black "Hewitt, William AR"]
[Result "1/2-1/2"]
[WhiteElo "2063"]
[BlackElo "2061"]
[PlyCount "23"]
[EventDate "2015.05.04"]
[WhiteTeam "MK Phoenix 1"]
[BlackTeam "Rhyfelwyr Essyllwg 1"]

1. Nf3 Nf6 2. c4 g6 3. g3 Bg7 4. Bg2 d5 5. cxd5 Nxd5 6. d4 O-O 7. O-O Nb6 8.
Nc3 Nc6 9. d5 Na5 10. e4 c6 11. dxc6 Nxc6 12. Be3 1/2-1/2

[Event "4NCL Division 2d"]
[Site "Hinckley Island ENG"]
[Date "2015.05.04"]
[Round "11.31"]
[White "Martin Perez, Javier"]
[Black "Grieve, Harry"]
[Result "1-0"]
[WhiteElo "2038"]
[BlackElo "2057"]
[PlyCount "91"]
[EventDate "2015.05.04"]
[WhiteTeam "Rhyfelwyr Essyllwg 1"]
[BlackTeam "MK Phoenix 1"]

1. e4 c5 2. Nf3 e6 3. d4 cxd4 4. Nxd4 Nc6 5. Nc3 Qc7 6. Be3 a6 7. Nxc6 bxc6 8.
f4 Nf6 9. Bd3 d5 10. O-O Be7 11. Kh1 Rb8 12. Rb1 Bb7 13. e5 Nd7 14. Qg4 g6 15.
Bf2 c5 16. b3 Nb6 17. Bh4 h5 18. Qg3 Bxh4 19. Qxh4 Qe7 20. Qg3 Kd7 21. Qf2 Kc7
22. a4 h4 23. h3 Rbc8 24. a5 Nd7 25. Na4 Kd8 26. Qe2 Rc6 27. c3 Bc8 28. Rfd1
Ke8 29. Rb2 Qd8 30. b4 c4 31. Bb1 Rc7 32. Qg4 Qe7 33. Re2 Bb7 34. Rd4 Bc6 35.
Nb2 Rc8 36. Nd1 Nf8 37. Ne3 Nh7 38. f5 gxf5 39. Nxf5 exf5 40. Bxf5 Bd7 41. e6
fxe6 42. Bxe6 Kd8 43. Bxd7 Qxd7 44. Qxh4+ Kc7 45. Re7 Nf8 46. Rxd5 1-0

[Event "4NCL Division 2d"]
[Site "Hinckley Island ENG"]
[Date "2015.05.04"]
[Round "11.32"]
[White "Freeman, Richard"]
[Black "Choo Yin, Benjamin"]
[Result "0-1"]
[WhiteElo "2039"]
[BlackElo "1597"]
[PlyCount "52"]
[EventDate "2015.05.04"]
[WhiteTeam "MK Phoenix 1"]
[BlackTeam "Rhyfelwyr Essyllwg 1"]

1. f4 c5 2. Nf3 Nc6 3. e4 e6 4. Nc3 d5 5. Bb5 Nge7 6. exd5 exd5 7. Qe2 g6 8.
Qe5 Rg8 9. Bxc6+ bxc6 10. O-O Bg7 11. Qe2 Bf5 12. d3 Kf8 13. Bd2 Bf6 14. Rae1
Kg7 15. Qf2 c4 16. Ne5 cxd3 17. cxd3 Rf8 18. Be3 Qc7 19. Rd1 Rac8 20. Bc5 Bxe5
21. fxe5 Kg8 22. Qh4 Rfe8 23. Qf6 Be6 24. Be3 Nf5 25. Rxf5 Bxf5 26. Bh6 Qxe5
0-1

[Event "4NCL Division 3"]
[Site "Daventry Court ENG"]
[Date "2015.05.03"]
[Round "10.55"]
[White "Ross, Chris N"]
[Black "Walker, David J"]
[Result "1/2-1/2"]
[WhiteElo "2174"]
[BlackElo "2291"]
[PlyCount "47"]
[EventDate "2015.05.03"]
[WhiteTeam "e2e4.org.uk 2"]
[BlackTeam "North East England 1"]

1. e4 e6 2. d4 d5 3. Nd2 Be7 4. Ngf3 Nf6 5. Bd3 c5 6. e5 Nfd7 7. c3 Nc6 8. O-O
a5 9. Re1 cxd4 10. cxd4 Nb6 11. Nb1 a4 12. Nc3 Bd7 13. Re2 O-O 14. Bb1 f5 15.
exf6 Rxf6 16. Ne5 Nxe5 17. Rxe5 Nc4 18. Rh5 g6 19. Rxh7 Kxh7 20. Qh5+ Kg8 21.
Bxg6 Rxg6 22. Qxg6+ Kh8 23. Qh6+ Kg8 24. Qg6+ 1/2-1/2

[Event "4NCL Division 3"]
[Site "Daventry Court ENG"]
[Date "2015.05.03"]
[Round "10.56"]
[White "Dunn, Andrew c"]
[Black "Burrows, Martin P"]
[Result "1/2-1/2"]
[WhiteElo "2230"]
[BlackElo "2136"]
[PlyCount "50"]
[EventDate "2015.05.03"]
[WhiteTeam "North East England 1"]
[BlackTeam "e2e4.org.uk 2"]

1. d4 Nf6 2. Nf3 g6 3. c4 Bg7 4. g3 O-O 5. Bg2 d6 6. O-O Nc6 7. d5 Na5 8. Na3
c5 9. Re1 a6 10. e4 Rb8 11. Rb1 Nd7 12. Bd2 b5 13. cxb5 axb5 14. b4 Nc4 15.
Nxc4 bxc4 16. Qc2 Ba6 17. Bf1 Qc7 18. a3 Ne5 19. Nxe5 Bxe5 20. Rec1 Rfc8 21. b5
Bxb5 22. a4 c3 23. Rxb5 Rxb5 24. Bxb5 cxd2 25. Qxd2 Ra8 1/2-1/2

[Event "4NCL Division 3"]
[Site "Daventry Court ENG"]
[Date "2015.05.03"]
[Round "10.57"]
[White "Barnes, Michael H"]
[Black "Dargan, Paul AG"]
[Result "1/2-1/2"]
[WhiteElo "2190"]
[BlackElo "2136"]
[PlyCount "51"]
[EventDate "2015.05.03"]
[WhiteTeam "e2e4.org.uk 2"]
[BlackTeam "North East England 1"]

1. d4 Nf6 2. Nf3 e6 3. c4 Bb4+ 4. Nbd2 b6 5. e3 Bb7 6. Bd3 O-O 7. O-O d5 8. a3
Bd6 9. Qc2 Nbd7 10. e4 dxe4 11. Nxe4 Nxe4 12. Bxe4 Bxe4 13. Qxe4 Qf6 14. Qc6
Qd8 15. Bg5 f6 16. Be3 Qe8 17. b4 Ne5 18. Nxe5 fxe5 19. Qe4 exd4 20. Qxd4 Qh5
21. f4 Rad8 22. Qe4 Qf5 23. Qxf5 exf5 24. Rad1 Be7 25. Kf2 Kf7 26. Kf3 1/2-1/2

[Event "4NCL Division 3"]
[Site "Daventry Court ENG"]
[Date "2015.05.03"]
[Round "10.58"]
[White "Tavoularis, Nick"]
[Black "Byron, Alan M"]
[Result "1-0"]
[WhiteElo "2136"]
[BlackElo "2209"]
[PlyCount "135"]
[EventDate "2015.05.03"]
[WhiteTeam "North East England 1"]
[BlackTeam "e2e4.org.uk 2"]

1. e4 c6 2. d4 d5 3. exd5 cxd5 4. Bd3 Nc6 5. c3 Nf6 6. Bf4 g6 7. Ne2 Bg7 8. Ng3
Qb6 9. Qb3 Qxb3 10. axb3 O-O 11. O-O e5 12. dxe5 Ng4 13. Rd1 Ngxe5 14. Bf1 Be6
15. Na3 a6 16. Nc2 Rfd8 17. Ne2 Bg4 18. f3 Be6 19. Ncd4 Rac8 20. Be3 Re8 21.
Nxc6 Nxc6 22. Nd4 Bd7 23. Bf2 Bf6 24. Nxc6 Bxc6 25. Bd4 Kg7 26. Kf2 Re6 27.
Bxf6+ Kxf6 28. Rd4 Rce8 29. Rad1 R8e7 30. g3 Kg7 31. R1d2 Re1 32. Re2 R7xe2+
33. Bxe2 Rh1 34. Kg2 Rc1 35. Bd1 Kf6 36. Kf2 Kf5 37. f4 Ke6 38. Ke3 Rb1 39. Rd2
Kd6 40. Kd4 Bd7 41. b4 h5 42. Bf3 Bc6 43. Ke3 Ke6 44. Bg2 Re1+ 45. Kd4 Kd6 46.
Kd3 Ke6 47. Re2+ Rxe2 48. Kxe2 Kd6 49. Kd3 Bb5+ 50. Kd4 Bc4 51. Bf3 Bb3 52. Be2
Ba4 53. h4 f5 54. Bd3 Bb3 55. Bb1 b5 56. Kd3 Bc4+ 57. Kd2 Bf1 58. Ke3 Bc4 59.
Bc2 Bf1 60. Kd4 Bg2 61. b3 Be4 62. Bd1 Bb1 63. Bf3 Be4 64. Be2 Bc2 65. c4 Kc6
66. Bf3 Bxb3 67. Bxd5+ Kd7 68. cxb5 1-0

[Event "4NCL Division 3"]
[Site "Daventry Court ENG"]
[Date "2015.05.03"]
[Round "10.59"]
[White "Taylor, Adam A"]
[Black "Coathup, Roger H"]
[Result "1/2-1/2"]
[WhiteElo "2069"]
[BlackElo "2112"]
[PlyCount "72"]
[EventDate "2015.05.03"]
[WhiteTeam "e2e4.org.uk 2"]
[BlackTeam "North East England 1"]

1. Nf3 Nf6 2. g3 g6 3. Bg2 Bg7 4. O-O O-O 5. d4 d6 6. Nc3 Nc6 7. a4 a5 8. Bf4
Bf5 9. Nh4 Bd7 10. e4 e5 11. dxe5 dxe5 12. Be3 Be6 13. Bc5 Qxd1 14. Rfxd1 Rfd8
15. Nb5 Ne8 16. Nf3 f6 17. b3 Bf8 18. Be3 Nb4 19. Ne1 Be7 20. h3 Kf7 21. f4 c6
22. Na3 Rxd1 23. Rxd1 Na6 24. Nb1 Bc5 25. Kf2 Bxe3+ 26. Kxe3 exf4+ 27. gxf4 Nc5
28. Nf3 Ke7 29. Nd4 Rd8 30. Rd2 Bd7 31. Nc3 Nd6 32. Bf3 h6 33. h4 Rg8 34. Rg2
g5 35. hxg5 hxg5 36. Rh2 gxf4+ 1/2-1/2

[Event "4NCL Division 3"]
[Site "Daventry Court ENG"]
[Date "2015.05.03"]
[Round "10.60"]
[White "Henderson, David"]
[Black "Mansson, James C"]
[Result "1/2-1/2"]
[WhiteElo "2068"]
[BlackElo "2073"]
[PlyCount "49"]
[EventDate "2015.05.03"]
[WhiteTeam "North East England 1"]
[BlackTeam "e2e4.org.uk 2"]

1. e4 e5 2. Nf3 Nc6 3. Bb5 a6 4. Ba4 Nf6 5. O-O Be7 6. Re1 b5 7. Bb3 O-O 8. c3
d5 9. d4 exd4 10. exd5 Nxd5 11. Nxd4 Nxd4 12. cxd4 Bb7 13. Nc3 Nxc3 14. bxc3
Bd6 15. Qg4 Qc8 16. Qxc8 Raxc8 17. a4 b4 18. Bd2 bxc3 19. Bxc3 c5 20. dxc5 Bxc5
21. Rac1 Ba3 22. Rc2 Rfd8 23. Ba5 Rxc2 24. Bxd8 Rc1 25. Rxc1 1/2-1/2

[Event "4NCL Division 3"]
[Site "Daventry Court ENG"]
[Date "2015.05.03"]
[Round "10.65"]
[White "Wallace, Paul A"]
[Black "Maciol, Ryszard"]
[Result "1/2-1/2"]
[WhiteElo "2211"]
[BlackElo "2209"]
[PlyCount "46"]
[EventDate "2015.05.03"]
[WhiteTeam "Cheddleton 2"]
[BlackTeam "Celtic Tigers 1"]

1. e4 e6 2. d4 d5 3. Nd2 c5 4. exd5 exd5 5. Ngf3 Nc6 6. dxc5 Bxc5 7. Nb3 Bb6 8.
c3 Nge7 9. Be2 O-O 10. O-O Qd6 11. Nbd4 Bg4 12. Be3 Nxd4 13. Bxd4 Rad8 14. Re1
Rfe8 15. h3 Bd7 16. Ne5 Bxd4 17. cxd4 Bf5 18. Bb5 Nc6 19. Qa4 Nxe5 20. Bxe8 Nd3
21. Bb5 Nxe1 22. Rxe1 a6 23. Bf1 Kf8 1/2-1/2

[Event "4NCL Division 3"]
[Site "Daventry Court ENG"]
[Date "2015.05.03"]
[Round "10.66"]
[White "Hoffmann, Hendrik"]
[Black "Acey, Gerald"]
[Result "1/2-1/2"]
[WhiteElo "2161"]
[BlackElo "2105"]
[PlyCount "72"]
[EventDate "2015.05.03"]
[WhiteTeam "Celtic Tigers 1"]
[BlackTeam "Cheddleton 2"]

1. e4 e5 2. Nf3 Nc6 3. Nc3 Nf6 4. d4 exd4 5. Nxd4 Bb4 6. Nxc6 bxc6 7. Bd3 d5 8.
exd5 cxd5 9. O-O O-O 10. h3 h6 11. Qf3 Re8 12. Bf4 c6 13. Rad1 Be6 14. Ne2 Bd6
15. Rfe1 Bxf4 16. Nxf4 Qd6 17. c3 Bd7 18. Bc2 Rxe1+ 19. Rxe1 Re8 20. Rxe8+ Bxe8
21. Qe3 Bd7 22. Nd3 Qb8 23. b4 Bf5 24. Ba4 Bxd3 25. Qxd3 Qe8 26. Kf1 Ne4 27.
Qe3 Qe6 28. Bc2 Qe5 29. Bxe4 dxe4 30. a4 Qd5 31. g3 Qc4+ 32. Kg2 a6 33. Qd4 Qe2
34. Qc5 Qf3+ 35. Kg1 Qd1+ 36. Kg2 Qxa4 1/2-1/2

[Event "4NCL Division 3"]
[Site "Daventry Court ENG"]
[Date "2015.05.03"]
[Round "10.67"]
[White "Armstrong, Malcolm J"]
[Black "Kemp, Peter"]
[Result "1/2-1/2"]
[WhiteElo "2107"]
[BlackElo "2190"]
[PlyCount "159"]
[EventDate "2015.05.03"]
[WhiteTeam "Cheddleton 2"]
[BlackTeam "Celtic Tigers 1"]

1. e4 e5 2. Bc4 Nf6 3. d3 c6 4. Nf3 Be7 5. O-O d6 6. Re1 Be6 7. Nbd2 Qd7 8. c3
O-O 9. Nf1 a5 10. Ne3 Na6 11. Bxe6 fxe6 12. Nc4 Bd8 13. Be3 b5 14. Nb6 Bxb6 15.
Bxb6 Nb8 16. Be3 c5 17. Bg5 Qc6 18. Bxf6 gxf6 19. d4 Nd7 20. d5 exd5 21. exd5
Qc7 22. Nh4 Nb6 23. Nf5 Kh8 24. Qd3 Qd7 25. Qe4 Rad8 26. b3 Rg8 27. Re3 Rg5 28.
Rf3 Rdg8 29. g3 Rg4 30. Qc2 R4g5 31. Rd1 Re8 32. Qe4 Ra8 33. Ne3 Rf8 34. Rf5
Rg6 35. Rh5 Rfg8 36. Rf5 c4 37. bxc4 Nxc4 38. Nxc4 bxc4 39. Rb1 Qa4 40. Rb7
Qd1+ 41. Kg2 Qd3 42. Qxd3 cxd3 43. Kf3 Rc8 44. Rb3 Rc5 45. c4 Rxc4 46. Ke3 Rc5
47. Rxd3 Kg7 48. f4 Kf7 49. fxe5 dxe5 50. Rf2 Rg8 51. Rb2 Rd8 52. Rb7+ Kg6 53.
d6 Rc6 54. d7 Kf5 55. Ra7 Rc2 56. Rxa5 Rxh2 57. Rd6 Rg2 58. Kf3 Rc2 59. Raa6
Rc3+ 60. Kf2 Kg5 61. Ra5 Kf5 62. Raa6 Kg5 63. Rd2 Kg6 64. a4 Kf7 65. a5 Rc5 66.
Rdd6 Ke7 67. Rxf6 Rxd7 68. Rh6 Kd8 69. Ra8+ Kc7 70. Ra7+ Kc8 71. Rxd7 Kxd7 72.
Rxh7+ Ke6 73. a6 Ra5 74. a7 Kf5 75. Ke3 Ra3+ 76. Kd2 Ke4 77. Rg7 Kf3 78. Rc7
Ra2+ 79. Ke1 Kxg3 80. Re7 1/2-1/2

[Event "4NCL Division 3"]
[Site "Daventry Court ENG"]
[Date "2015.05.03"]
[Round "10.68"]
[White "Pedersen, Carsten"]
[Black "Edwards, Simon R"]
[Result "1-0"]
[WhiteElo "2164"]
[BlackElo "2027"]
[PlyCount "63"]
[EventDate "2015.05.03"]
[WhiteTeam "Celtic Tigers 1"]
[BlackTeam "Cheddleton 2"]

1. e4 c5 2. Nc3 a6 3. a4 Nc6 4. g3 b6 5. Bg2 Bb7 6. d3 e6 7. Nge2 Nf6 8. O-O
Be7 9. h3 d5 10. exd5 exd5 11. d4 Nb4 12. Be3 O-O 13. a5 cxd4 14. Nxd4 Bc5 15.
Na4 Ne4 16. c3 Nc6 17. Nxb6 Nxa5 18. Nxa8 Nc4 19. Bc1 Qxa8 20. Qg4 Ne5 21. Qh5
Nd3 22. Be3 g6 23. Qe2 Ne5 24. Bf4 Re8 25. Bxe5 f6 26. Bf4 Nxg3 27. Qd3 Nxf1
28. Bxf1 Re4 29. Be3 Qe8 30. Bg2 Rh4 31. Nf3 Rc4 32. Nd2 1-0

[Event "4NCL Division 3"]
[Site "Daventry Court ENG"]
[Date "2015.05.03"]
[Round "10.69"]
[White "Richardson, Alex"]
[Black "Quinn, John"]
[Result "1-0"]
[WhiteElo "2103"]
[BlackElo "2125"]
[PlyCount "95"]
[EventDate "2015.05.03"]
[WhiteTeam "Cheddleton 2"]
[BlackTeam "Celtic Tigers 1"]

1. c4 Nf6 2. g3 g6 3. Bg2 Bg7 4. Nc3 O-O 5. e4 d6 6. Nge2 e5 7. O-O c6 8. d4
exd4 9. Nxd4 Nbd7 10. h3 Re8 11. Be3 Nc5 12. Qc2 Qe7 13. Rfe1 a5 14. Rad1 Be6
15. b3 Qc7 16. Ndb5 cxb5 17. Nxb5 Qe7 18. Nxd6 Rec8 19. Nxc8 Rxc8 20. Bd4 b6
21. Qb2 Ne8 22. Bxg7 Nxg7 23. Qd4 Ne8 24. Kh2 Rb8 25. Re3 Bc8 26. e5 Ne6 27.
Qd2 Bb7 28. Bd5 Kg7 29. f4 Rd8 30. Rd3 Nc5 31. Rd4 Rb8 32. Qg2 Bc8 33. Qf3 Nc7
34. R4d2 Bf5 35. g4 Bd7 36. Re2 Kh8 37. f5 Nxd5 38. cxd5 Bb5 39. Re3 gxf5 40.
Qxf5 Re8 41. Rde1 Nd7 42. Qf4 Qc5 43. e6 fxe6 44. dxe6 Qc2+ 45. Kg3 Nc5 46. e7
Nd7 47. Qd4+ Kg8 48. Qd5+ 1-0

[Event "4NCL Division 3"]
[Site "Daventry Court ENG"]
[Date "2015.05.03"]
[Round "10.70"]
[White "Haldane, Robin W"]
[Black "Harris, Martyn J"]
[Result "1-0"]
[WhiteElo "2025"]
[BlackElo "1870"]
[PlyCount "119"]
[EventDate "2015.05.03"]
[WhiteTeam "Celtic Tigers 1"]
[BlackTeam "Cheddleton 2"]

1. e4 d5 2. exd5 Nf6 3. Nc3 Nxd5 4. Bc4 e6 5. d4 Nc6 6. Nf3 Be7 7. a3 a6 8. Ne4
h6 9. Bd3 Nf6 10. c3 b5 11. Nxf6+ Bxf6 12. Be4 Bb7 13. Qe2 Na5 14. Bxb7 Nxb7
15. a4 Nd6 16. Bf4 O-O 17. O-O Qd7 18. Ne5 Bxe5 19. dxe5 Nf5 20. g4 Ne7 21.
Rfd1 Qc6 22. Rd4 Rad8 23. axb5 axb5 24. Rad1 Rd5 25. Rxd5 Nxd5 26. Qe4 Ra8 27.
Be3 Ra4 28. Qf3 Qc4 29. h3 Ra2 30. Rd2 Qb3 31. Qe2 Ra4 32. Qd1 Qxd1+ 33. Rxd1
Nxe3 34. fxe3 Re4 35. Rd8+ Kh7 36. Rd7 Rxe3 37. Rxc7 Rxe5 38. Rxf7 Re2 39. Rf2
Re4 40. Kf1 b4 41. Re2 Rc4 42. Re3 bxc3 43. bxc3 Rc6 44. Ke2 Kg6 45. Kf3 h5 46.
gxh5+ Kxh5 47. Kf4 g5+ 48. Ke5 g4 49. Kd4 gxh3 50. Rxh3+ Kg4 51. Re3 Kf4 52.
Re4+ Kf3 53. Re1 Kf2 54. Re5 Kf3 55. c4 Kf4 56. Re1 Kf3 57. c5 Kf2 58. Re5 Kf3
59. Kc4 Kf4 60. Kb5 1-0